| 000 | 00795cam a2200229 a 4500 | ||
|---|---|---|---|
| 001 | 694235 | ||
| 005 | 20250122212635.0 | ||
| 008 | 970828s1998 maua b 001 0 eng | ||
| 020 | _a0697126994 | ||
| 050 | 0 | 0 |
_aHV9950 _b.C69 1998 |
| 082 | 0 | 0 |
_a364.973 _221 |
| 100 | 1 | _aCox, Steven M. | |
| 245 | 1 | 4 |
_aThe criminal justice network : _ban introduction / _cSteven M. Cox, John E. Wade. |
| 250 | _a3rd ed. | ||
| 260 |
_aBoston : _bMcGraw Hill, _cc1998. |
||
| 300 |
_axviii, 334 p. : _bill. _c24 cm. |
||
| 650 | 0 |
_aCriminal justice, Administration of _zUnited States. |
|
| 700 | 1 | _aWade, John E. | |
| 856 | 4 | 2 |
_3Publisher description _uhttp://www.loc.gov/catdir/description/mh022/96085978.html |
| 856 | 4 | 1 |
_3Table of contents _uhttp://www.loc.gov/catdir/toc/mh022/96085978.html |
| 942 |
_2lcc _cBK _n0 |
||
| 999 |
_c2863 _d2863 |
||